000 01271cam a22002533a 4500
001 747
003 PGUSA
005 20140828082952.0
008 961201s1996||||xxu|||||s|||||000 | eng d
040 _aPGUSA
_beng
042 _adc
050 4 _aR
100 1 _aPyle, Walter L.
_q(Walter Lytle),
_d1871-1921
245 1 0 _aAnomalies and Curiosities of Medicine
_h[electronic resource] /
_cWalter L. Pyle
260 _bProject Gutenberg,
_c1996
505 0 _aGenetic anomalies -- Prenatal anomalies -- Obstetric anomalies -- Prolificity -- Major terata -- Minor terata -- Anomalies of stature, size, and development -- Longevity -- Physiologic and functional anomalies -- Surgical anomalies of the head and neck -- Surgical anomalies of the extremities -- Surgical anomalies of the thorax and abdomen -- Surgical anomalies of the genitourinary system -- Miscellaneous surgical anomalies -- Anomalous types and instances of disease -- Anomalous skin-diseases -- Anomalous nervous and mental diseases -- Historic epidemics.
506 _aPublic domain in the USA.
516 _aElectronic text
653 _aMedicine -- Anecdotes
653 _aAbnormalities, Human
830 0 _aProject Gutenberg
_v747
856 4 0 _uhttp://www.gutenberg.org/ebooks/747
942 _cEB
999 _c230098
_d230098